Isola 10 = Dawson, Isla 10 /

Guardat en:
Dades bibliogràfiques
Autor principal: Littin, Miguel (realización)
Altres autors: Littin, Miguel (guión) (guión), Littin Menz, Miguel Ioan (fotógrafo) (fotógrafo), Yaconi, Andrea (montaje) (montaje), Meza, Juan Cristóbal (música) (música), Vicuña, Benjamín (actuación) (actuación), Duarte, Bertrand (actuación) (actuación), Krögh, Pablo (actuación) (actuación)
Format: Diapositiva
Idioma:espanyol
Matèries:
Etiquetes: Afegir etiqueta
Sense etiquetes, Sigues el primer a etiquetar aquest registre!

MARC

LEADER 00000ngm^a2200000^a^4500
001 000443976
005 20260323183335.0
009 20260407173350.506
037 |a Acervo ITESO - Biblioteca 
041 |a ESP 
082 |a Ch 860.  |b LIT 
100 |a Littin, Miguel  |e (realización) 
240 1 1 |a [Dawson, Isla 10] 
245 1 0 |a Isola 10 =  |b Dawson, Isla 10 /  |c Realización de M. Littin. 
264 2 |a Florencia, Italia :  |b CG Entertainment [distribución],  |c coyright fecha no identificada 
300 |a 1 DVD región 2 PAL (117 min.) :  |b color 
336 |a imagen móvil bidimensional  |b tdi  |2 rdacontenido 
337 |a video  |b v  |2 rdamedio 
338 |a videodisco  |b vd  |2 rdasoporte 
500 |a Basado en: Isla 10, de Sergio Bitar 
545 0 |a Miguel Littin (Palmilla, 1942), cineasta chileno, integrante de una generación que desde la militancia izquierdista creó una filmografía de claras resonancias políticas entre las décadas de 1960 y 1980. El Chacal de Nahueltoro (1969), su primer largometraje, es considerada una película fundacional de lo que se llamó nuevo cine chileno, a la manera de los nuevos cines surgidos en diversos países latinoamericanos en esos años. Inspirada en un caso de nota roja, habla de un asesino múltiple con una narración deudora del documental y con inclusión de los textos reales del juicio. Fue premiada con una mención especial de la Organización Católica Internacional de Cine (OCIC) en el Festival de Berlín de 1970 y electa como la mejor película chilena de todos los tiempos en una encuesta de especialistas convocada en 2016. Todavía alcanzó a filmar en su país natal La tierra prometida (1973), terminada ya en el exilio, período al que también pertenecen Actas de Marusia (1976) y El recurso del método (1978), ambas presentadas en la sección oficial a concurso del Festival de Cannes; La viuda de Montiel (1979), Alsino y el cóndor (1982) y el documental Acta general de Chile (1986), galardonado con dos premios en el Festival de Venecia. Su filmografía posterior, de vuelta a Chile, comprende títulos como Los náufragos (1994), La última luna (2005), Dawson Isla 10 (2009) y Allende en su laberinto (2014). Ha sido finalista a los premios Oscar y Goya, de las academias Norteamericana y Española de Cine, y ganado el premio Ariel, de la Academia Mexicana de Cine, con sus películas Actas de Marusia, Alsino y el Cóndor y Dawson Isla 10. 
546 |a En español, con subtítulos opcionales: italiano 
546 |a Doblaje opcional: italiano 
585 |a Exposición DIA 2023-09 / A 50 años del golpe de Estado: Chile e ITESO, convergencias con la dignidad y la memoria  
586 |a Premio Goya, de la Academia Española de Cine (24°: 2009): Mejor Película Extranjera de Habla Hispana (finalista, representante de Chile) 
649 |a XX 
650 |a Presos Políticos en el Cine 
650 |a Presos Políticos Chilenos -  |x Memorias -  |x Adaptaciones para Cine 
650 |a Presos Políticos -  |z Chile -  |x Historia -  |y 1973-1990 -  |x Tema Principal 
650 |a Ministros de Estado en el Cine 
650 |a Ministros de Estado Chilenos -  |x Memorias -  |x Adaptaciones para Cine 
650 |a Políticos en el Cine 
650 |a Políticos Chilenos -  |x Memorias -  |x Adaptaciones para Cine 
650 |a Películas Históricas 
650 |a Dramas Cinematográficos 
650 |a Cine Social y Político 
650 |a Cine Chileno -  |y 2000-2009 
650 |a Cine Chileno -  |y Siglo XXI 
650 |a Campos de Concentración -  |z Tierra del Fuego, Chile 
650 |a Memoria Social -  |z Chile 
650 |a Dictadura -  |z Chile -  |x Historia -  |y 1973-1990 
650 |a Derechos Humanos -  |z Chile 
650 |a Política -  |z Chile -  |x Historia -  |y 1973-1990 -  |x Tema Principal 
650 |a Tierra del Fuego, Chile en el Cine 
650 |a Tierra del Fuego, Chile -  |x Historia -  |y 1973-1990 
650 |a Chile -  |x Historia -  |y 1973-1990 -  |x Tema Principal 
650 |a Chile -  |x Historia -  |y Siglo XX 
650 |a Bitar, Sergio -  |x Tema Principal 
650 |a Lawner, Miguel 
650 |a Tohá, José 
650 |a Jirón, Arturo 
700 |a Littin, Miguel  |e (guión) 
700 |a Littin Menz, Miguel Ioan  |e (fotógrafo) 
700 |a Yaconi, Andrea  |e (montaje) 
700 |a Meza, Juan Cristóbal  |e (música) 
700 |a Vicuña, Benjamín  |e (actuación) 
700 |a Duarte, Bertrand  |e (actuación) 
700 |a Krögh, Pablo  |e (actuación) 
910 |a Fondo General 
920 |a Audiovisuales - DVDs 
940 |a Películas 
905 |a 308 
901 |a 0500371503  |b IT2  |c DVR  |i C159936  |u 20250526 
902 |a https://opac.biblio.iteso.mx/vufind/Record/000443976